1845 1962 1289 1148 1295 1729 1693 1407 1359 1232 1113 1034 1715 1012 1139 1344 1532 1196 1630 1458 1002 1345 1694 1605 1020 1045 1097 1062 1163 1477 1519 1287 1125 1872 1829 1681 1517 1526 1778 1264 1970 1934 1389 1880 1071 1857 1176 1641 1628 1057 1843 1288 1765 1571 1947 1341 1144 1983 1270 1087 1217 1933 1087 1696 1086 1172 1492 1288 1275 1799 1694 1137 1414 1373 1981 1027 1404 1593 1533 1206 1041 1548 1840 1790 1696 1337 1729 1229 1593 1828 1062 1773 1815 1958 1654 1967 1542 1228 1351 BCNSPRNW ULIB Ver.6.0+V

เปลี่ยนเป็นภาษาไทย

Change to English
 แสดงรายละเอียดบรรณานุกรม
  กลับหน้าหลัก

Brief Record : Get Marc (ISO 2709) : E-mail record : QR code < ปิดหน้าต่าง
LEADER : 00000nam 2200000uu 4500
001    13399121344
003     ULIB
008    020711s2551 th a 000 0 tha d
020    9789740401886
090    นว.^bป338ส
100    ประภัสสร เสวิกุล
245    สำเภาทอง/^cประภัสสร เสวิกุล
250    พิมพ์ครั้งที่ 5
260    กรุงเทพฯ :^bนานมีบุ๊คส์เอโนเวล,^c2551
300    392 หน้า
945    ^p0^l0^i15036
999    ^aกัณชพร
รายการนี้ยังไม่มีแท็ก
คุณยังไม่ได้ล็อกอิน คุณสามารถมีกิจกรรมร่วมกับเว็บไซต์ได้ แต่ต้องล็อกอินก่อน ::
  ล็อกอิน

รายการสื่อสารสนเทศ

ลำดับที่ ประเภท เลขเรียก/บาร์โค้ด สถานที่ สถานะ
1. วิทยาศาสตร์การแพทย์ และสุขภาพ
วิทยาศาสตร์การแพทย์ และสุขภาพ
นว. ป338ส  
  Barcode: 15036
ห้องสมุดวิทยาเขตสวรรค์ประชารักษ์
►นวนิยาย
บนชั้น
  ขอยืม

รายการใกล้เคียง
    ผู้แต่ง [ประภัสสร เสวิกุล]

BibComment


ยังไม่เคยถูกคอมเมนท์

คอมเมนท์ทรัพยากรรายการนี้
  คอมเมนท์: สำเภาทอง ประภัสสร..


 Copyright 2026. Bcnsprnw @Library